000 00478nam a2200193Ia 4500
005 20250508150958.0
008 008 250505s9999 xx 000 0 eng d
037 _aTextual
040 _aFEDL
_beng
_cFEDL
041 _aeng
_2eng
084 _a342.54, IND
_qFEDL
100 _aPrashad Rajender
_9758106
245 0 _aBharat ka sanvidhan
260 _c1950
300 _a198p.
650 _aLaw
942 _cTEXL
_h342.54, IND
999 _c1326850
_d1326850